000 00466nam a2200181Ia 4500
008 240925s9999 xx 000 0 und d
020 _a9788126541904
082 _a621.3813 POZ
100 _aRoss, Timothy J.
245 0 _aMicrowave Engineering
250 _a4th
260 _aNew Delhi:
_bWiley
_c,2015.
300 _aVarious pages
_b0
_fOriginal
500 _aIncludes Index
600 _aTelecommunication Engineering
650 _aTechnology
942 _cBK
999 _c13583
_d13583